Intervenciones desde el género: participación y empoderamiento entre mujeres jóvenes de sectores populares /
保存先:
| 第一著者: | |
|---|---|
| フォーマット: | テキスト |
| シリーズ: | SERIE POLITICAS SOCIALES/CEPAL
|
| 主題: | |
| タグ: |
タグ追加
タグなし, このレコードへの初めてのタグを付けませんか!
|
MARC
| LEADER | 00000 a a2200000 04500 | ||
|---|---|---|---|
| 001 | 48483 | ||
| 003 | |||
| 040 | |||
| 090 | |a REV1291 2(74) 2003 | ||
| 100 | |a Elizalde, Silvia | ||
| 245 | |a Intervenciones desde el género: participación y empoderamiento entre mujeres jóvenes de sectores populares / |c Silvia Elizalde | ||
| 440 | |a SERIE POLITICAS SOCIALES/CEPAL | ||
| 650 | |a JUVENTUD | ||
| 650 | |a MUJERES | ||
| 650 | |a GENERO | ||
| 650 | |a SOCIALIZACION | ||
| 650 | |a PARTICIPACION DE LA MUJER | ||
| 650 | |a CAPITAL SOCIAL | ||
| 650 | |a POLITICA SOCIAL | ||
| 773 | |g volumen2, número74, (2003) | ||
| 999 | |c 27327 |d 27327 | ||
